| 000 | 00629 a2200193 4500 | ||
|---|---|---|---|
| 003 | Nust | ||
| 005 | 20230224121842.0 | ||
| 008 | 180118b xxu||||| |||| 00| 0 eng d | ||
| 010 | _a43781 | ||
| 020 |
_a0911818189 _a0711202737 |
||
| 040 | _cNust | ||
| 082 | _a030,WOR | ||
| 245 | _aThe world almanac and book of facts 1981 / | ||
| 260 |
_aNew york _bNewspaper enterprise association _c1981 |
||
| 300 | _a975p; | ||
| 505 | _aGeneral index (Page-4), Feature section (Page-33), The year in review (Page-42), Flags and maps (Page-497), 2000 in pictures (Page-809). | ||
| 650 |
_aThe world almanac _98950 |
||
| 942 |
_2ddc _cBK _cBK |
||
| 999 |
_c178934 _d178934 |
||